[Event "Wolrd Chess Olympiad 2018"]
[Site "Batumi"]
[Date "2018.09.27"]
[Round "4"]
[Board "1"]
[WhiteFideId "11900270"]
[White "Marckens Jean Louis"]
[BlackFideId "9200711"]
[Black "Alharari Mohammed Alsouri"]
[Result "1-0"]
[LiveChessVersion "1.4.8"]
[BlackElo "2038"]
[WhiteElo "1992"]

1. e4 {[%clk 1:30:54]} d5 {[%clk 1:30:57]} 2. exd5 {[%clk 1:30:51]} Qxd5
{[%clk 1:31:21]} 3. Nc3 {[%clk 1:30:48]} Qd6 {[%clk 1:31:49]} 4. Nf3
{[%clk 1:30:53]} Nf6 {[%clk 1:31:49]} 5. Bc4 {[%clk 1:30:15]} c6 {[%clk 1:32:07]}
6. d4 {[%clk 1:29:29]} Bg4 {[%clk 1:31:38]} 7. d5 {[%clk 1:26:31]} b5
{[%clk 1:21:13]} 8. Bd3 {[%clk 1:18:18]} Nxd5 {[%clk 1:13:43]} 9. Ne4
{[%clk 1:16:32]} Qc7 {[%clk 1:11:36]} 10. O-O {[%clk 1:16:01]} e6
{[%clk 1:11:27]} 11. h3 {[%clk 1:15:04]} Bh5 {[%clk 1:05:07]} 12. Ng3
{[%clk 1:10:08]} Bg6 {[%clk 1:04:03]} 13. c4 {[%clk 1:08:40]} bxc4
{[%clk 0:59:12]} 14. Bxg6 {[%clk 1:08:27]} hxg6 {[%clk 0:59:16]} 15. Qd4
{[%clk 1:08:10]} c3 {[%clk 0:52:27]} 16. Re1 {[%clk 1:07:03]} Be7
{[%clk 0:46:12]} 17. Ne4 {[%clk 1:03:47]} cxb2 {[%clk 0:40:08]} 18. Bxb2
{[%clk 1:03:18]} Nf6 {[%clk 0:35:28]} 19. Neg5 {[%clk 1:00:52]} Qb6
{[%clk 0:34:06]} 20. Qe5 {[%clk 0:57:04]} Nbd7 {[%clk 0:30:39]} 21. Qe2
{[%clk 0:56:26]} Qb5 {[%clk 0:30:40]} 22. Qc2 {[%clk 0:56:05]} Nh5
{[%clk 0:26:24]} 23. Nxe6 {[%clk 0:52:48]} fxe6 {[%clk 0:15:14]} 24. Nd4
{[%clk 0:53:16]} Qb7 {[%clk 0:07:37]} 25. Qxg6+ {[%clk 0:52:37]} Kd8
{[%clk 0:07:20]} 26. Nxe6+ {[%clk 0:52:26]} Kc8 {[%clk 0:07:40]} 27. Bxg7
{[%clk 0:48:40]} Nxg7 {[%clk 0:06:49]} 28. Qxg7 {[%clk 0:48:58]} Bf6
{[%clk 0:06:48]} 29. Qg3 {[%clk 0:48:12]} Bxa1 {[%clk 0:06:42]} 30. Rxa1
{[%clk 0:48:39]} Qb8 {[%clk 0:06:51]} 31. Qc3 {[%clk 0:47:55]} Qe5
{[%clk 0:01:24]} 32. Qxc6+ {[%clk 0:47:22]} Kb8 {[%clk 0:01:49]} 33. Rb1+
{[%clk 0:47:27]} Nb6 {[%clk 0:02:18]} 34. Nc5 {[%clk 0:47:36]} Qxc5
{[%clk 0:00:42]} 35. Qxc5 {[%clk 0:47:54]} Kb7 {[%clk 0:01:09]} 36. a4
{[%clk 0:46:54]} Rac8 {[%clk 0:01:08]} 37. Qb5 {[%clk 0:46:51]} Rc6
{[%clk 0:00:34]} 38. a5 {[%clk 0:47:16]} a6 {[%clk 0:00:37]} 39. Qe5
{[%clk 0:47:32]} Rhc8 {[%clk 0:00:31]} 40. axb6 {[%clk 1:17:12]} Rxb6
{[%clk 0:30:32]} 41. Rxb6+ {[%clk 1:16:54]} Kxb6 {[%clk 0:25:18]} 42. Kf1
{[%clk 1:16:37]} Rc5 {[%clk 0:24:13]} 43. Qb8+ {[%clk 1:16:00]} Ka5
{[%clk 0:20:46]} 44. Ke1 {[%clk 1:15:53]} Rb5 {[%clk 0:20:21]} 45. Qxb5+
{[%clk 1:15:50]} Kxb5 {[%clk 0:19:12]} 46. h4 {[%clk 1:15:44]} a5
{[%clk 0:08:05]} 47. h5 {[%clk 1:16:06]} a4 {[%clk 0:02:36]} 48. h6
{[%clk 1:12:45]} a3 {[%clk 0:01:09]} 49. h7 {[%clk 1:13:04]} 1-0

[Event "Wolrd Chess Olympiad 2018"]
[Site "Batumi"]
[Date "2018.09.27"]
[Round "4"]
[Board "1"]
[WhiteFideId "11700599"]
[White "Farazi Khaiber"]
[BlackFideId "11800020"]
[Black "Rossini Paul"]
[Result "1-0"]
[LiveChessVersion "1.4.8"]
[BlackElo "1678"]
[WhiteElo "2064"]

1. d4 {[%clk 1:30:54]} Nf6 {[%clk 1:30:51]} 2. c4 {[%clk 1:31:15]} g6
{[%clk 1:30:43]} 3. Nc3 {[%clk 1:31:34]} d6 {[%clk 1:30:16]} 4. e4
{[%clk 1:31:54]} Bg7 {[%clk 1:30:34]} 5. f3 {[%clk 1:32:12]} Nbd7
{[%clk 1:29:55]} 6. Be3 {[%clk 1:27:36]} b6 {[%clk 1:30:01]} 7. Qd2
{[%clk 1:26:59]} O-O {[%clk 1:30:12]} 8. O-O-O {[%clk 1:22:37]} c5
{[%clk 1:26:11]} 9. d5 {[%clk 1:21:53]} Ne5 {[%clk 1:20:24]} 10. h3
{[%clk 1:21:34]} Ba6 {[%clk 1:19:43]} 11. b3 {[%clk 1:20:11]} Rb8
{[%clk 1:17:11]} 12. a4 {[%clk 1:14:58]} h5 {[%clk 1:13:01]} 13. Bh6
{[%clk 1:13:12]} Kh7 {[%clk 1:10:30]} 14. Bxg7 {[%clk 1:13:27]} Kxg7
{[%clk 1:10:48]} 15. f4 {[%clk 1:13:25]} Ned7 {[%clk 1:11:04]} 16. Nf3
{[%clk 1:13:40]} Bc8 {[%clk 1:07:32]} 17. e5 {[%clk 1:13:34]} dxe5
{[%clk 1:06:27]} 18. fxe5 {[%clk 1:13:33]} Ne8 {[%clk 1:06:34]} 19. g4
{[%clk 1:12:18]} Rh8 {[%clk 1:05:08]} 20. Qf4 {[%clk 1:02:10]} e6
{[%clk 0:58:26]} 21. dxe6 {[%clk 0:53:03]} fxe6 {[%clk 0:58:29]} 22. Rg1
{[%clk 0:51:34]} Qe7 {[%clk 0:52:32]} 23. gxh5 {[%clk 0:43:16]} Rxh5
{[%clk 0:51:03]} 24. Rxg6+ {[%clk 0:35:48]} Kxg6 {[%clk 0:48:32]} 25. Bd3+
{[%clk 0:35:46]} Rf5 {[%clk 0:39:44]} 26. Nd5 {[%clk 0:34:17]} exd5
{[%clk 0:31:40]} 27. Qxf5+ {[%clk 0:32:56]} Kg7 {[%clk 0:30:06]} 28. Rg1+
{[%clk 0:33:12]} Kh8 {[%clk 0:30:20]} 29. Qh5+ {[%clk 0:33:29]} 1-0

[Event "Wolrd Chess Olympiad 2018"]
[Site "Batumi"]
[Date "2018.09.27"]
[Round "4"]
[Board "2"]
[WhiteFideId "11800046"]
[White "Grassi Enrico"]
[BlackFideId "11700467"]
[Black "Abdul Khaliq Wais"]
[Result "0-1"]
[LiveChessVersion "1.4.8"]
[BlackElo "1921"]
[WhiteElo "1965"]

1. e4 {[%clk 1:30:52]} e6 {[%clk 1:30:43]} 2. d4 {[%clk 1:31:18]} d5
{[%clk 1:31:07]} 3. exd5 {[%clk 1:31:41]} exd5 {[%clk 1:20:54]} 4. Bd3
{[%clk 1:32:03]} Nf6 {[%clk 1:21:14]} 5. Bf4 {[%clk 1:31:39]} Bd6
{[%clk 1:16:59]} 6. Ne2 {[%clk 1:30:07]} O-O {[%clk 1:15:35]} 7. O-O
{[%clk 1:30:32]} Nc6 {[%clk 1:13:57]} 8. c3 {[%clk 1:30:58]} Ne7 {[%clk 1:14:20]}
9. Re1 {[%clk 1:31:01]} Ng6 {[%clk 1:11:09]} 10. Bxd6 {[%clk 1:28:02]} Qxd6
{[%clk 1:11:02]} 11. f3 {[%clk 1:28:02]} Nh5 {[%clk 1:05:01]} 12. Qd2
{[%clk 1:27:21]} h6 {[%clk 0:59:06]} 13. Na3 {[%clk 1:27:35]} Bd7
{[%clk 0:57:35]} 14. Nc2 {[%clk 1:28:00]} Rfe8 {[%clk 0:55:53]} 15. Ne3
{[%clk 1:23:22]} Nh4 {[%clk 0:41:32]} 16. Nf1 {[%clk 1:20:16]} Bh3
{[%clk 0:36:41]} 17. Neg3 {[%clk 1:09:54]} Nf4 {[%clk 0:30:18]} 18. Bc2
{[%clk 1:06:16]} Bxg2 {[%clk 0:29:54]} 0-1

[Event "Wolrd Chess Olympiad 2018"]
[Site "Batumi"]
[Date "2018.09.27"]
[Round "4"]
[Board "3"]
[WhiteFideId "11701137"]
[White "Sulaiman Ahmad Ashrafi"]
[BlackFideId "11800054"]
[Black "Volpinari Danilo"]
[Result "1/2-1/2"]
[LiveChessVersion "1.4.8"]
[BlackElo "1985"]
[WhiteElo "1908"]

1. d4 {[%clk 1:30:57]} d5 {[%clk 1:30:50]} 2. Bf4 {[%clk 1:31:17]} Nf6
{[%clk 1:30:27]} 3. e3 {[%clk 1:31:38]} g6 {[%clk 1:30:26]} 4. h3
{[%clk 1:31:27]} Bg7 {[%clk 1:30:37]} 5. c3 {[%clk 1:31:46]} O-O {[%clk 1:30:34]}
6. Nd2 {[%clk 1:32:11]} c5 {[%clk 1:27:26]} 7. Ngf3 {[%clk 1:32:34]} Nc6
{[%clk 1:26:58]} 8. Be2 {[%clk 1:32:27]} Nd7 {[%clk 1:24:09]} 9. O-O
{[%clk 1:29:51]} e5 {[%clk 1:22:40]} 10. dxe5 {[%clk 1:29:15]} Ndxe5
{[%clk 1:22:33]} 11. Nb3 {[%clk 1:26:48]} c4 {[%clk 1:10:46]} 12. Nxe5
{[%clk 1:24:11]} Nxe5 {[%clk 1:09:20]} 13. Nd4 {[%clk 1:24:31]} Be6
{[%clk 0:59:21]} 14. Qd2 {[%clk 1:20:42]} Qe7 {[%clk 0:53:20]} 15. Rfd1
{[%clk 1:19:09]} Rfd8 {[%clk 0:52:17]} 16. Qc2 {[%clk 1:09:29]} Rac8
{[%clk 0:49:51]} 17. Rd2 {[%clk 1:08:21]} a6 {[%clk 0:45:12]} 18. Qa4
{[%clk 1:03:11]} Bd7 {[%clk 0:43:33]} 19. Qa5 {[%clk 0:59:50]} Rc5
{[%clk 0:35:57]} 20. Qb4 {[%clk 0:52:35]} Be6 {[%clk 0:30:21]} 21. a4
{[%clk 0:51:39]} Rdc8 {[%clk 0:25:10]} 22. Rad1 {[%clk 0:50:10]} R5c7
{[%clk 0:16:07]} 23. Nc2 {[%clk 0:43:29]} Qe8 {[%clk 0:14:52]} 24. Qa3
{[%clk 0:42:26]} Bf8 {[%clk 0:13:47]} 25. Qa2 {[%clk 0:42:15]} Bg7
{[%clk 0:13:09]} 26. Nb4 {[%clk 0:41:56]} Rc5 {[%clk 0:13:18]} 27. Nxd5
{[%clk 0:41:04]} Nd3 {[%clk 0:08:31]} 28. Nb6 {[%clk 0:18:56]} R8c6
{[%clk 0:06:25]} 29. a5 {[%clk 0:18:50]} Bf6 {[%clk 0:05:20]} 30. Bf3
{[%clk 0:15:39]} Nxf4 {[%clk 0:04:15]} 31. exf4 {[%clk 0:15:57]} Rc7
{[%clk 0:04:08]} 32. Nd5 {[%clk 0:12:26]} 1/2-1/2

[Event "Wolrd Chess Olympiad 2018"]
[Site "Batumi"]
[Date "2018.09.27"]
[Round "4"]
[Board "4"]
[WhiteFideId "11800038"]
[White "Righi Ezio"]
[BlackFideId "11700947"]
[Black "Kanz Ahmad Safy"]
[Result "1-0"]
[LiveChessVersion "1.4.8"]
[BlackElo "1826"]
[WhiteElo "2031"]

1. e4 {[%clk 1:30:57]} c5 {[%clk 1:30:40]} 2. Nf3 {[%clk 1:31:14]} d6
{[%clk 1:31:01]} 3. d4 {[%clk 1:31:23]} cxd4 {[%clk 1:31:17]} 4. Nxd4
{[%clk 1:31:47]} Nf6 {[%clk 1:31:37]} 5. Nc3 {[%clk 1:31:57]} a6 {[%clk 1:31:53]}
6. Be2 {[%clk 1:32:01]} e5 {[%clk 1:29:40]} 7. Nb3 {[%clk 1:32:16]} Be7
{[%clk 1:28:30]} 8. O-O {[%clk 1:32:31]} Be6 {[%clk 1:27:18]} 9. f4
{[%clk 1:32:21]} exf4 {[%clk 1:26:39]} 10. Bxf4 {[%clk 1:32:25]} O-O
{[%clk 1:26:18]} 11. Qd3 {[%clk 1:29:05]} Qc7 {[%clk 1:23:43]} 12. Qg3
{[%clk 1:25:13]} Nc6 {[%clk 1:21:04]} 13. Bh6 {[%clk 1:23:06]} Ne8
{[%clk 1:20:52]} 14. Rad1 {[%clk 1:22:08]} Ne5 {[%clk 1:19:37]} 15. Nd4
{[%clk 1:16:47]} Ng6 {[%clk 1:06:24]} 16. Nxe6 {[%clk 1:08:20]} fxe6
{[%clk 1:06:34]} 17. Rxf8+ {[%clk 1:06:06]} Bxf8 {[%clk 1:03:12]} 18. Be3
{[%clk 1:05:41]} Nf6 {[%clk 1:01:09]} 19. Bd4 {[%clk 1:03:46]} e5
{[%clk 0:58:45]} 20. Be3 {[%clk 1:03:53]} b5 {[%clk 0:48:51]} 21. a3
{[%clk 1:03:39]} Qb7 {[%clk 0:47:11]} 22. Bd3 {[%clk 1:02:26]} b4
{[%clk 0:43:22]} 23. Bc4+ {[%clk 0:59:03]} Kh8 {[%clk 0:43:37]} 24. Bd5
{[%clk 0:58:50]} Nxd5 {[%clk 0:43:30]} 25. Nxd5 {[%clk 0:59:07]} bxa3
{[%clk 0:43:16]} 26. bxa3 {[%clk 0:59:20]} Qb2 {[%clk 0:42:10]} 27. Qf3
{[%clk 0:48:42]} Qxc2 {[%clk 0:34:42]} 28. Rf1 {[%clk 0:47:06]} Rb8
{[%clk 0:30:05]} 29. h4 {[%clk 0:38:40]} h6 {[%clk 0:27:07]} 30. Bxh6
{[%clk 0:33:12]} Rb1 {[%clk 0:14:06]} 31. Bg5 {[%clk 0:27:15]} Rxf1+
{[%clk 0:13:28]} 32. Kxf1 {[%clk 0:27:29]} Kg8 {[%clk 0:13:32]} 33. h5
{[%clk 0:26:11]} Nh8 {[%clk 0:10:18]} 34. h6 {[%clk 0:11:37]} gxh6
{[%clk 0:07:57]} 35. Bf6 {[%clk 0:09:35]} Ng6 {[%clk 0:04:30]} 36. Qg4
{[%clk 0:09:38]} Kf7 {[%clk 0:03:14]} 37. Qd7+ {[%clk 0:09:54]} Be7
{[%clk 0:02:46]} 38. Bxe7 {[%clk 0:10:07]} Qd3+ {[%clk 0:02:59]} 39. Kg1
{[%clk 0:10:20]} Qd1+ {[%clk 0:02:53]} 40. Kh2 {[%clk 0:38:48]} Qh5+
{[%clk 0:31:10]} 41. Kg3 {[%clk 0:39:10]} 1-0

[Event "Wolrd Chess Olympiad 2018"]
[Site "Batumi"]
[Date "2018.09.27"]
[Round "4"]
[Board "3"]
[WhiteFideId "31000118"]
[White "Orio Rogelio L."]
[BlackFideId "15900509"]
[Black "Diaz Brian"]
[Result "0-1"]
[LiveChessVersion "1.4.8"]
[BlackElo "1737"]
[WhiteElo "1793"]

1. d4 {[%clk 1:30:33]} f5 {[%clk 1:30:53]} 2. Bf4 {[%clk 1:29:39]} Nf6
{[%clk 1:31:16]} 3. e3 {[%clk 1:29:14]} d5 {[%clk 1:31:34]} 4. Nf3
{[%clk 1:28:39]} e6 {[%clk 1:31:56]} 5. Nbd2 {[%clk 1:26:54]} Bd6
{[%clk 1:32:03]} 6. Ne5 {[%clk 1:26:27]} O-O {[%clk 1:30:34]} 7. c4
{[%clk 1:25:57]} Nbd7 {[%clk 1:28:05]} 8. Be2 {[%clk 1:23:26]} Bxe5
{[%clk 1:24:16]} 9. dxe5 {[%clk 1:23:35]} Ne4 {[%clk 1:21:38]} 10. cxd5
{[%clk 1:20:32]} exd5 {[%clk 1:21:54]} 11. h4 {[%clk 1:17:17]} c6
{[%clk 1:17:15]} 12. h5 {[%clk 1:15:35]} Qe7 {[%clk 1:13:10]} 13. Nxe4
{[%clk 1:14:45]} fxe4 {[%clk 1:11:49]} 14. Qd4 {[%clk 1:14:59]} Re8
{[%clk 1:01:23]} 15. O-O-O {[%clk 1:14:25]} Qc5+ {[%clk 1:01:01]} 16. Kb1
{[%clk 1:14:09]} Qxd4 {[%clk 0:59:34]} 17. exd4 {[%clk 1:14:33]} Nf8
{[%clk 0:59:15]} 18. g4 {[%clk 1:13:50]} Ne6 {[%clk 0:57:42]} 19. Be3 Rf8
{[%clk 0:57:38]} 20. b3 {[%clk 1:13:40]} Nf4 {[%clk 0:56:45]} 21. Bf1
{[%clk 1:10:34]} Bxg4 {[%clk 0:52:57]} 22. Rd2 {[%clk 1:10:39]} Bf3
{[%clk 0:51:50]} 23. Rh4 {[%clk 1:10:12]} Nxh5 {[%clk 0:48:39]} 24. Bh3
{[%clk 1:09:48]} h6 {[%clk 0:37:58]} 25. Bg4 {[%clk 1:08:00]} Bxg4
{[%clk 0:35:32]} 26. Rxg4 {[%clk 1:08:23]} Kh7 {[%clk 0:35:46]} 27. Rd1
{[%clk 1:08:33]} g6 {[%clk 0:24:59]} 28. Rdg1 {[%clk 1:08:10]} Rg8
{[%clk 0:25:17]} 29. Kb2 {[%clk 1:08:08]} Raf8 {[%clk 0:23:24]} 30. Rh1
{[%clk 1:07:25]} Rf5 {[%clk 0:23:41]} 31. a4 {[%clk 1:07:34]} c5 {[%clk 0:20:57]}
32. Kc3 {[%clk 1:05:25]} cxd4+ {[%clk 0:18:59]} 33. Kxd4 {[%clk 1:05:43]} Re8
{[%clk 0:17:47]} 34. Rhg1 {[%clk 1:04:12]} g5 {[%clk 0:14:46]} 35. Rh1
{[%clk 0:59:53]} Kg6 {[%clk 0:15:04]} 36. Rg2 {[%clk 0:59:55]} Ng7
{[%clk 0:15:16]} 37. Kxd5 {[%clk 0:56:25]} Rfxe5+ {[%clk 0:14:56]} 38. Kc4 b6 39.
Rgh2 {[%clk 0:54:47]} h5 {[%clk 0:15:12]} 40. Bd4 {[%clk 0:53:03]} Rc8+
{[%clk 0:13:37]} 41. Kb4 {[%clk 1:23:06]} Rf5 {[%clk 0:42:27]} 42. Bxg7
{[%clk 1:22:19]} Kxg7 {[%clk 0:42:52]} 43. Rxh5 {[%clk 1:22:42]} a5+
{[%clk 0:43:18]} 44. Ka3 {[%clk 1:23:03]} Rxf2 {[%clk 0:42:34]} 45. Rxg5+
{[%clk 1:16:23]} Kf6 {[%clk 0:42:53]} 46. Rb5 {[%clk 1:16:26]} e3
{[%clk 0:31:08]} 47. Rxb6+ {[%clk 1:16:05]} Kg5 {[%clk 0:28:04]} 48. Rb5+
{[%clk 1:16:24]} Kf4 {[%clk 0:25:50]} 49. Rxa5 {[%clk 1:16:02]} e2
{[%clk 0:25:57]} 50. Ra7 {[%clk 1:12:42]} Ke3 {[%clk 0:20:28]} 51. Re7+
{[%clk 1:12:42]} Kd2 {[%clk 0:17:36]} 52. Rd7+ {[%clk 1:12:35]} Kc2
{[%clk 0:09:24]} 53. Re7 {[%clk 1:11:45]} Rc3 {[%clk 0:05:15]} 54. Re1
{[%clk 1:07:39]} Kd2 {[%clk 0:01:49]} 55. Rb1 {[%clk 1:06:45]} Rc2
{[%clk 0:00:35]} 56. Rd7+ {[%clk 1:07:12]} Ke3 {[%clk 0:00:42]} 57. Re7+
{[%clk 1:06:04]} Kd4 {[%clk 0:00:36]} 58. Rd7+ {[%clk 1:06:09]} Ke5
{[%clk 0:00:36]} 59. Re7+ {[%clk 1:04:47]} Kd6 {[%clk 0:00:48]} 60. a5
{[%clk 1:03:25]} Kxe7 {[%clk 0:00:39]} 61. b4 {[%clk 1:03:43]} Rf1
{[%clk 0:00:48]} 62. Rb3 {[%clk 1:01:38]} Ra1# {[%clk 0:01:10]} 0-1

[Event "Wolrd Chess Olympiad 2018"]
[Site "Batumi"]
[Date "2018.09.27"]
[Round "4"]
[Board "1"]
[WhiteFideId "10300163"]
[White "Al-Hajiri Bader"]
[BlackFideId "9700072"]
[Black "Chinasamy Devarajen"]
[Result "1-0"]
[LiveChessVersion "1.4.8"]
[BlackElo "1993"]
[WhiteElo "2112"]

1. e4 {[%clk 1:30:56]} d5 {[%clk 1:30:51]} 2. exd5 {[%clk 1:31:07]} Qxd5
{[%clk 1:31:14]} 3. Nc3 {[%clk 1:31:28]} Qd8 {[%clk 1:31:35]} 4. Bc4
{[%clk 1:31:23]} Nf6 {[%clk 1:31:46]} 5. Nf3 {[%clk 1:31:42]} a6 {[%clk 1:31:17]}
6. a4 {[%clk 1:30:51]} Bf5 {[%clk 1:28:24]} 7. Ng5 {[%clk 1:29:33]} e6
{[%clk 1:28:23]} 8. Qf3 {[%clk 1:29:45]} Bg6 {[%clk 1:20:11]} 9. Qxb7
{[%clk 1:29:35]} Nbd7 {[%clk 1:20:37]} 10. Bxe6 {[%clk 1:28:58]} Bd6
{[%clk 1:18:03]} 11. Bxd7+ {[%clk 1:25:23]} Nxd7 {[%clk 1:18:18]} 12. d3
{[%clk 1:25:48]} Qe7+ {[%clk 1:11:21]} 13. Be3 {[%clk 1:21:51]} O-O
{[%clk 1:07:29]} 14. O-O {[%clk 1:19:47]} Rab8 {[%clk 1:06:14]} 15. Qxa6
{[%clk 1:19:59]} Rxb2 {[%clk 1:06:25]} 16. Qc4 {[%clk 0:41:54]} Ne5
{[%clk 0:44:40]} 17. Qd4 {[%clk 0:41:10]} Rxc2 {[%clk 0:39:40]} 18. Nce4
{[%clk 0:36:43]} Nc6 {[%clk 0:36:21]} 19. Qd5 {[%clk 0:37:03]} Be5
{[%clk 0:26:35]} 20. Rab1 {[%clk 0:33:23]} Rd8 {[%clk 0:20:52]} 21. Qb3
{[%clk 0:32:19]} Re2 {[%clk 0:21:04]} 22. Rfc1 {[%clk 0:29:33]} Nd4
{[%clk 0:19:56]} 23. Bxd4 {[%clk 0:27:07]} Bxd4 {[%clk 0:20:04]} 24. Kf1
{[%clk 0:27:29]} Rxf2+ {[%clk 0:14:14]} 25. Nxf2 {[%clk 0:27:51]} Qxg5
{[%clk 0:14:25]} 26. Rc2 {[%clk 0:24:20]} h6 {[%clk 0:12:31]} 27. Rd1
{[%clk 0:24:13]} Qf4 {[%clk 0:12:07]} 28. Qc4 {[%clk 0:22:50]} c5
{[%clk 0:11:05]} 29. Kg1 {[%clk 0:22:34]} Re8 {[%clk 0:10:12]} 30. Kh1
{[%clk 0:22:22]} Bh5 {[%clk 0:08:11]} 31. Rb1 {[%clk 0:21:25]} Qh4
{[%clk 0:06:56]} 32. Qb5 {[%clk 0:17:08]} f6 {[%clk 0:05:46]} 33. g3
{[%clk 0:14:12]} Qg5 {[%clk 0:05:58]} 34. Qc6 {[%clk 0:13:03]} Qe3
{[%clk 0:05:47]} 35. Kg2 {[%clk 0:12:59]} Re5 {[%clk 0:03:56]} 36. Rb7
{[%clk 0:11:01]} Bf7 {[%clk 0:02:25]} 37. Qc8+ {[%clk 0:11:15]} Re8
{[%clk 0:02:36]} 38. Qd7 {[%clk 0:11:35]} Rf8 {[%clk 0:02:34]} 39. a5
{[%clk 0:08:54]} Qe5 {[%clk 0:02:11]} 40. Kf1 {[%clk 0:36:00]} Qg5
{[%clk 0:31:08]} 41. a6 {[%clk 0:32:18]} Bd5 {[%clk 0:29:37]} 42. h4
{[%clk 0:32:01]} Qxg3 {[%clk 0:23:28]} 43. Qxd5+ {[%clk 0:32:23]} Kh8
{[%clk 0:23:50]} 44. a7 {[%clk 0:32:02]} Bxf2 {[%clk 0:23:18]} 45. Rxf2
{[%clk 0:32:21]} Qh3+ {[%clk 0:23:38]} 46. Rg2 {[%clk 0:29:19]} Qh1+
{[%clk 0:23:38]} 47. Ke2 {[%clk 0:29:30]} Re8+ {[%clk 0:23:44]} 48. Kd2
{[%clk 0:29:58]} Qe1+ {[%clk 0:17:49]} 49. Kc2 {[%clk 0:30:23]} Qa1
{[%clk 0:18:06]} 50. Rb8 {[%clk 0:29:57]} Qa4+ {[%clk 0:17:05]} 51. Kb2
{[%clk 0:30:18]} 1-0

[Event "Wolrd Chess Olympiad 2018"]
[Site "Batumi"]
[Date "2018.09.27"]
[Round "4"]
[Board "2"]
[WhiteFideId "9700250"]
[White "Raimbert Ronald"]
[BlackFideId "10300198"]
[Black "AlShourfaa Hazaa"]
[Result "1-0"]
[LiveChessVersion "1.4.8"]
[BlackElo "1783"]
[WhiteElo "1747"]

1. d4 {[%clk 1:30:57]} d5 {[%clk 1:30:54]} 2. c4 {[%clk 1:31:22]} c6
{[%clk 1:31:19]} 3. Nf3 {[%clk 1:31:47]} Nf6 {[%clk 1:31:43]} 4. Nc3
{[%clk 1:32:08]} a6 {[%clk 1:31:36]} 5. cxd5 {[%clk 1:31:41]} cxd5
{[%clk 1:31:42]} 6. e3 {[%clk 1:31:55]} Bg4 {[%clk 1:29:34]} 7. h3
{[%clk 1:30:04]} Bf5 {[%clk 1:26:49]} 8. Qa4+ {[%clk 1:28:48]} Nc6
{[%clk 1:18:32]} 9. Be2 {[%clk 1:22:45]} e6 {[%clk 1:17:02]} 10. Ne5
{[%clk 1:17:51]} Rc8 {[%clk 1:15:53]} 11. Nxc6 {[%clk 1:15:40]} bxc6
{[%clk 1:00:00]} 12. Bxa6 {[%clk 1:15:21]} Rc7 {[%clk 1:00:08]} 13. Bd2
{[%clk 1:12:47]} Bd6 {[%clk 0:49:58]} 14. O-O {[%clk 1:07:15]} O-O
{[%clk 0:48:05]} 15. b4 {[%clk 1:04:00]} Qa8 {[%clk 0:46:19]} 16. Be2
{[%clk 1:02:32]} Ra7 {[%clk 0:46:05]} 17. Qb3 {[%clk 1:02:05]} Rb8
{[%clk 0:37:18]} 18. b5 {[%clk 0:58:42]} e5 {[%clk 0:20:15]} 19. a4
{[%clk 0:57:26]} Bd7 {[%clk 0:16:18]} 20. Rab1 {[%clk 0:55:24]} exd4
{[%clk 0:12:08]} 21. exd4 {[%clk 0:55:40]} Qb7 {[%clk 0:10:31]} 22. b6
{[%clk 0:53:10]} Raa8 {[%clk 0:07:32]} 23. Be3 {[%clk 0:49:52]} Be6
{[%clk 0:04:06]} 24. Qc2 {[%clk 0:49:03]} Qd7 {[%clk 0:04:19]} 25. f4
{[%clk 0:39:12]} Ne4 {[%clk 0:02:59]} 26. Nxe4 {[%clk 0:21:17]} dxe4
{[%clk 0:03:28]} 27. g4 {[%clk 0:20:38]} f5 {[%clk 0:01:53]} 28. g5
{[%clk 0:17:21]} h6 {[%clk 0:02:21]} 29. gxh6 {[%clk 0:15:41]} gxh6
{[%clk 0:02:51]} 30. Kh1 {[%clk 0:16:00]} Kh7 {[%clk 0:03:05]} 31. Rg1
{[%clk 0:16:19]} Qe8 {[%clk 0:02:11]} 32. Qc3 {[%clk 0:15:56]} Bd5
{[%clk 0:01:45]} 33. a5 {[%clk 0:16:08]} Qe7 {[%clk 0:01:38]} 34. Rbf1
{[%clk 0:09:38]} Qh4 {[%clk 0:01:31]} 35. Kh2 {[%clk 0:09:53]} Rg8
{[%clk 0:01:47]} 36. Rxg8 {[%clk 0:06:38]} Rxg8 {[%clk 0:02:17]} 37. Qe1
{[%clk 0:07:02]} Qd8 {[%clk 0:01:19]} 38. Rg1 {[%clk 0:05:47]} Rxg1
{[%clk 0:01:39]} 39. Qxg1 {[%clk 0:06:01]} Bb4 {[%clk 0:01:14]} 40. Bh5
{[%clk 0:36:10]} Bxa5 {[%clk 0:30:42]} 41. Qg6+ {[%clk 0:35:33]} Kh8
{[%clk 0:29:14]} 42. b7 {[%clk 0:34:02]} Qf8 {[%clk 0:25:30]} 43. Qe8
{[%clk 0:25:24]} Qxe8 {[%clk 0:21:07]} 44. Bxe8 {[%clk 0:25:52]} Bc7
{[%clk 0:21:37]} 45. Bd7 {[%clk 0:26:10]} Kg7 {[%clk 0:21:27]} 46. Bxf5
{[%clk 0:26:32]} Kf6 {[%clk 0:21:40]} 47. Bc8 {[%clk 0:26:57]} Kg6
{[%clk 0:19:06]} 48. Kg3 {[%clk 0:27:21]} h5 {[%clk 0:18:33]} 49. Kf2
{[%clk 0:27:14]} Kf6 {[%clk 0:18:23]} 50. Bd2 {[%clk 0:26:48]} Ke7
{[%clk 0:12:33]} 51. Bb4+ {[%clk 0:25:44]} Kf6 {[%clk 0:12:01]} 52. Ba5
{[%clk 0:25:18]} Bb8 {[%clk 0:12:29]} 53. Bd8+ {[%clk 0:25:34]} Kf7
{[%clk 0:12:22]} 54. Ke3 {[%clk 0:25:53]} Kg6 {[%clk 0:11:56]} 55. f5+
{[%clk 0:25:35]} Kf7 {[%clk 0:11:22]} 56. Bg5 {[%clk 0:25:53]} 1-0

[Event "Wolrd Chess Olympiad 2018"]
[Site "Batumi"]
[Date "2018.09.27"]
[Round "4"]
[Board "3"]
[WhiteFideId "10300015"]
[White "Alothman Abdul Wahab"]
[BlackFideId "9700099"]
[Black "Marie Patrick"]
[Result "1-0"]
[LiveChessVersion "1.4.8"]
[BlackElo "1955"]
[WhiteElo "1911"]

1. d4 {[%clk 1:30:54]} Nf6 {[%clk 1:30:56]} 2. Nf3 {[%clk 1:31:18]} e6
{[%clk 1:31:16]} 3. c4 {[%clk 1:31:37]} d5 {[%clk 1:31:34]} 4. e3
{[%clk 1:30:48]} Be7 {[%clk 1:31:42]} 5. Nc3 {[%clk 1:30:59]} O-O
{[%clk 1:31:54]} 6. Bd3 {[%clk 1:31:16]} c5 {[%clk 1:31:44]} 7. O-O
{[%clk 1:29:56]} Nc6 {[%clk 1:32:00]} 8. a3 {[%clk 1:26:09]} cxd4
{[%clk 1:32:09]} 9. exd4 {[%clk 1:25:56]} b6 {[%clk 1:30:32]} 10. b4
{[%clk 1:18:11]} Bb7 {[%clk 1:21:23]} 11. c5 {[%clk 1:16:14]} bxc5
{[%clk 1:06:35]} 12. bxc5 {[%clk 1:16:30]} Qa5 {[%clk 1:06:03]} 13. Bd2
{[%clk 1:10:54]} Qc7 {[%clk 1:02:26]} 14. Qe2 {[%clk 1:06:13]} Ng4
{[%clk 0:59:03]} 15. Nb5 {[%clk 1:02:10]} Qb8 {[%clk 0:55:17]} 16. h3
{[%clk 1:01:41]} Nf6 {[%clk 0:49:50]} 17. Rab1 {[%clk 0:58:35]} a6
{[%clk 0:45:11]} 18. Nc3 {[%clk 0:57:43]} Qc7 {[%clk 0:44:24]} 19. Rb2
{[%clk 0:54:01]} Rfb8 {[%clk 0:42:19]} 20. g3 {[%clk 0:42:12]} Nh5
{[%clk 0:39:06]} 21. Na4 {[%clk 0:41:31]} Bc8 {[%clk 0:38:28]} 22. Nb6
{[%clk 0:41:39]} Ra7 {[%clk 0:37:20]} 23. Rfb1 {[%clk 0:41:13]} g6
{[%clk 0:37:34]} 24. Bh6 {[%clk 0:34:40]} Bf6 {[%clk 0:36:38]} 25. Nxd5
{[%clk 0:33:18]} Rxb2 26. Nxf6+ Nxf6 {[%clk 0:33:42]} 27. Rxb2 {[%clk 0:33:00]}
Rb7 {[%clk 0:32:01]} 28. Bf4 {[%clk 0:27:29]} Rxb2 {[%clk 0:30:52]} 29. Qxb2
{[%clk 0:23:32]} Qb7 {[%clk 0:30:38]} 30. Qd2 {[%clk 0:11:22]} Qb3
{[%clk 0:25:39]} 31. Bd6 {[%clk 0:10:13]} Qd5 {[%clk 0:25:34]} 32. Qh6
{[%clk 0:08:40]} Nd7 {[%clk 0:01:03]} 33. Ng5 {[%clk 0:08:11]} 1-0